00439nam a2200169Ia 4500008004100000020001800041050001400059100002100073245001400094245005900108260001300167260003000180260000900210300001500219300002500234300001000259180207s9999 xx 000 0 und d a9780395779224 bH315 1988 aHarris, Nicholas aOwlbert / cby Nicholas Harris ; illustrated by Karl Josef Horvat. aBoston : bHoughton Mifflin Company, c1988 a32 pages : bcolor illustration ; c27cm.